La americanización de la educación americana : hispanoamérica, 1840-1940 (Record no. 62318)

MARC details
000 -CABECERA
campo de control de longitud fija 00565nam a2200193 a 4500
005 - FECHA Y HORA DE LA ÚLTIMA TRANSACCIÓN
campo de control 20210219152848.0
008 - ELEMENTOS DE LONGITUD FIJA--INFORMACIÓN GENERAL
campo de control de longitud fija 991125n 000 0 spa u
035 ## - NÚMERO DE CONTROL DEL SISTEMA
Número de control de sistema UPN01000063874
100 ## - ASIENTO PRINCIPAL--NOMBRE PERSONAL
Nombre de persona LOZANO SEIJAS, Claudio
222 ## - TÍTULO CLAVE
Título clave PERSPECTIVA EDUCACIONAL
245 ## - MENCIÓN DE TÍTULO
Título La americanización de la educación americana : hispanoamérica, 1840-1940
300 ## - DESCRIPCIÓN FÍSICA
Extensión 55-87
362 ## - FECHAS DE PUBLICACIÓN Y/O DESIGNACIÓN SECUENCIAL
Fecha de publicación y/o designación secuencial 1996 No. 26, mar.
653 0# - TERMINO DE INDIZACION - NO CONTROLADO
Término no controlado AMERICA LATINA, SIGLO XIX
653 0# - TERMINO DE INDIZACION - NO CONTROLADO
Término no controlado AMERICA LATINA, SIGLO XX
653 0# - TERMINO DE INDIZACION - NO CONTROLADO
Término no controlado HISTORIA EDUCATIVA
904 ## - ELEMENTOS DE DATOS D LOCAL, LDD (RLIN)
a AC
b 001685
905 ## - TIPO DE MATERIAL
Tipo de material Articulo

No items available.